Statistics for Italy Call-Ups: World Cup Qualifiers versus Macedonia & Albania - October 2017

Click here to take the quiz!

General Stats

  • This quiz has been taken 17 times
  • The average score is 14 of 25

Answer Stats

PositionPlayerClub% Correct
GKGianluigi BuffonJuventus
100%
GKGianluigi DonnarummaAC Milan
93%
CBGiorgio ChielliniJuventus
87%
CBLeonardo BonucciAC Milan
80%
CBAndrea BarzagliJuventus
73%
LWLorenzo InsigneNapoli
73%
CMMarco VerrattiParis St Germain
73%
STCiro ImmobileLazio
67%
CMDaniele De RossiAS Roma
67%
RBMatteo DarmianManchester United
60%
GKMattia PerinGenoa
60%
STAndrea BelottiTorino
53%
CBDaniele RuganiJuventus
53%
RBDavide ZappacostaChelsea
53%
STEderInternazionale
47%
STManolo GabbiadiniSouthampton
47%
RWAntonio CandrevaInternazionale
40%
CBDavide AstoriFiorentina
40%
RWFederico BernardeschiJuventus
40%
CMMarco ParoloLazio
40%
LW/RWSimone VerdiBologna
40%
CMLorenzo PellegriniAS Roma
33%
LWStephen El ShaarawyAS Roma
33%
LBDanilo D'AmbrosioInternazionale
27%
LBLeonardo SpinazzolaAtalanta
20%

Score Distribution

Percentile by Number Answered

Percent of People with Each Score

Your Score History

You have not taken this quiz